Othello: (Record no. 180591)

MARC details
000 -LEADER
fixed length control field 00720nam a22001937a 4500
005 - DATE AND TIME OF LATEST TRANSACTION
control field 20210812113557.0
010 ## - LCCN (DPL NO)
LC control number B-741094
020 ## - INTERNATIONAL STANDARD BOOK NUMBER
International Standard Book Number 8181030494
Terms of availability 495.00
035 ## - SYSTEM CONTROL NUMBER
System control number B-741094
037 ## - SOURCE OF ACQUISITION
Source of stock number/acquisition Gift
082 ## - DEWEY DECIMAL CLASSIFICATION NUMBER
Classification number 882
100 ## - MAIN ENTRY--PERSONAL NAME
Personal name Shakespeare, William
245 ## - TITLE STATEMENT
Title Othello:
Remainder of title the moor of venice /
Statement of responsibility, etc by William Shakespeare
260 ## - PUBLICATION, DISTRIBUTION, ETC. (IMPRINT)
Place of publication, distribution, etc Delhi
Name of publisher, distributor, etc Seema Publishing House
Date of publication, distribution, etc 2020
270 ## - ADDRESS
Address 30/21-A, Ground Floor, Gali No. 9, Vishwas Nagar, Shahdara
City Delhi
Postal code 110032
300 ## - PHYSICAL DESCRIPTION
Extent 184p.:
Other physical details ill.
Dimensions 22cm(Hb)
942 ## - ADDED ENTRY ELEMENTS (KOHA)
Source of classification or shelving scheme Dewey Decimal Classification
Item type Children Books
Call number suffix SHA
Classification part 882
Holdings
Withdrawn status Lost status Not for loan Collection code Home library Current library Date acquired Source of acquisition Cost, normal purchase price Full call number Barcode Copy number Cost, replacement price Koha item type Public note
      Non-fiction Central Library Central Library 12/08/2021 Gift/Eng/09-08-2021 495.00 882 SHA B-741094 1 495.00 Children Books Gift

© Delhi Public Library
Hit Counter
free hit counter